|
|
|
|
| LEADER |
00996nam a2200325 4500 |
| 001 |
DLU090079343 |
| 005 |
##20090608 |
| 040 |
# |
# |
|a DLU
|b eng
|
| 041 |
# |
# |
|a eng
|
| 044 |
# |
# |
|a UK
|
| 100 |
# |
# |
|a Li, C. W.
|
| 245 |
# |
# |
|a Approximation of multiple stochastic integrals and its application to stochastic differential equations /
|c C. W. Li, X. Q. Liu.
|
| 653 |
# |
# |
|a Brownian motions
|
| 653 |
# |
# |
|a Chen series
|
| 653 |
# |
# |
|a Discretization
|
| 653 |
# |
# |
|a Lyndon basis
|
| 653 |
# |
# |
|a Multiple Ito integrals
|
| 653 |
# |
# |
|a Philip Hall basis
|
| 653 |
# |
# |
|a Shuffle algebra
|
| 700 |
# |
# |
|a Liu, X. Q.
|
| 773 |
# |
# |
|t Nonlinear Analysis, Theory, Methods & Applications
|g Vol. 30, part 2 (December 1997), p. 697-708
|
| 920 |
# |
# |
|a Phòng Tạp chí -- Trung tâm Thông tin - Thư viện Trường Đại học Đà Lạt
|
| 994 |
# |
# |
|a DLU
|
| 900 |
# |
# |
|a True
|
| 911 |
# |
# |
|a Trương Bảo Trâm Anh
|
| 925 |
# |
# |
|a G
|
| 926 |
# |
# |
|a A
|
| 927 |
# |
# |
|a BB
|
| 980 |
# |
# |
|a Thư viện Trường Đại học Đà Lạt
|